Normal view
MARC view
- Mechanical engineering handbook series
Entry Uniform Title
001 - CONTROL NUMBER
- control field: 6925
003 - CONTROL NUMBER IDENTIFIER
- control field: NUST
005 - DATE AND TIME OF LATEST TRANSACTION
- control field: 20171204113727.0
008 - FIXED-LENGTH DATA ELEMENTS
- fixed length control field: 171204|| aca||aabn | a|a d
040 ## - CATALOGING SOURCE
- Original cataloging agency: NUST
- Transcribing agency: NUST
130 ## - HEADING--UNIFORM TITLE
- Uniform title: Mechanical engineering handbook series
670 ## - SOURCE DATA FOUND
- Source citation: Work cat.: (NUST)0: Schnelle, Karl B., Jr. 6924, Air pollution control technology handbook /, c2002.
